000 00658nam a22002417a 4500
001 BR9702920
003 BR-BrBNA
005 20230928095412.0
007 ta
008 230509b bl.||||| |||| 00| 0 por d
040 _aBR-BrBNA
_bpor
_cBiblioteca Nacional de Agricultura
041 _a(Por)
072 _aD10
090 _ D10 BR9702920
110 1 _aDelegacia Federal de Agricultura de Pernambuco, Recife (Brasil)
_93056
245 1 _aRelatorio anual de atividades
260 3 _aRecife, PE (Brasil):
_c1995.
300 _a15 p.
650 _aAdministracao Publica
650 _aPernambuco
909 _a202309
_bLucia
_c55
_dLucia Elande
942 _cBK
999 _c56352
_d56352